000 00290nam a22001337a 4500
008 171031b xxu||||| |||| 00| 0 eng d
020 _a9780312048297
041 _aeng
080 _24TH
_a33
100 _a59
101 _aBUS
245 _aWRITING THAT WORKS
_cOLIU,W.E
942 _2udc
_cBK
999 _c36823
_d36823